Kesalahan bahasa dalam bahasa Malaysia

Bibliographic Details
Main Authors: Abdullah Hassan , 1942- (Author), Hasnah Ibrahim (Author), Mashudi Kader (Author)
Format: Book
Subjects:

MARC

LEADER 00000cam a2200000 7i4500
001 0000008453
005 20070228093000.0
008 021119n
090 0 0 |a PL5117   |b .K47 
100 0 |a Abdullah Hassan ,   |d 1942- ,   |e author 
245 0 0 |a Kesalahan bahasa dalam bahasa Malaysia   |c Abdullah Hassan, Hasnah Ibrahim, Mashudi Kader 
300 |a 514 ms. ; ;   |c 22 sm. 
650 0 |a Malay language   |x Errors of usage 
700 0 |a Hasnah Ibrahim ,   |e author 
700 0 |a Mashudi Kader ,   |e author 
999 |a 1000026339   |b Book   |c OPEN SHELF (30 DAYS)   |e Gong Badak Campus 
999 |a 1000026340   |b Book   |c OPEN SHELF (30 DAYS)   |e Gong Badak Campus 
999 |a 1000026341   |b Book   |c OPEN SHELF (30 DAYS)   |e Gong Badak Campus